[Event "WCO 2016"]
[Site "?"]
[Date "2016.09.11"]
[Round "9"]
[Board "18"]
[WhiteID "10200037"]
[White "Rahman Ziaur"]
[BlackID "14500116"]
[Black "Palac Mladen"]
[Result "1-0"]
[BlackElo "2623"]
[WhiteElo "2512"]
[LiveChessVersion "1.4.8"]

1. d4 {[%clk 1:30:49]} Nf6 {[%clk 1:30:49]} 2. Bg5 {[%clk 1:31:08]} d5
{[%clk 1:30:34]} 3. e3 {[%clk 1:30:32]} c5 {[%clk 1:30:40]} 4. Bxf6
{[%clk 1:29:41]} gxf6 {[%clk 1:31:09]} 5. Nc3 {[%clk 1:29:51]} e6
{[%clk 1:31:35]} 6. Bb5+ {[%clk 1:28:33]} Bd7 {[%clk 1:18:30]} 7. Bxd7+
{[%clk 1:28:47]} Nxd7 {[%clk 1:18:51]} 8. Nf3 {[%clk 1:27:28]} cxd4
{[%clk 1:15:37]} 9. Nxd4 {[%clk 1:24:02]} Bb4 {[%clk 1:14:33]} 10. Nde2
{[%clk 1:24:01]} O-O {[%clk 1:10:32]} 11. O-O {[%clk 1:21:28]} f5
{[%clk 1:08:19]} 12. Nb5 {[%clk 1:20:16]} a6 {[%clk 0:59:45]} 13. Nbd4
{[%clk 1:18:02]} Ne5 {[%clk 0:54:32]} 14. Nf4 {[%clk 1:14:04]} Qf6
{[%clk 0:50:29]} 15. Nd3 {[%clk 1:06:35]} Bd6 {[%clk 0:50:50]} 16. Nxe5
{[%clk 1:06:45]} Bxe5 {[%clk 0:51:19]} 17. c3 {[%clk 1:04:37]} Rac8
{[%clk 0:39:25]} 18. a4 {[%clk 1:03:38]} f4 {[%clk 0:33:39]} 19. Qh5
{[%clk 0:53:44]} Bxd4 {[%clk 0:29:05]} 20. exd4 {[%clk 0:52:45]} Kh8
{[%clk 0:29:33]} 21. a5 {[%clk 0:44:07]} Rg8 {[%clk 0:26:31]} 22. Kh1
{[%clk 0:41:12]} Rg5 {[%clk 0:20:50]} 23. Qf3 {[%clk 0:37:39]} Rcg8
{[%clk 0:20:23]} 24. g3 {[%clk 0:36:18]} Rf5 {[%clk 0:17:43]} 25. g4
{[%clk 0:36:20]} Rfg5 {[%clk 0:18:11]} 26. Rg1 {[%clk 0:36:42]} h5
{[%clk 0:12:16]} 27. gxh5 {[%clk 0:35:17]} Qh6 {[%clk 0:10:03]} 28. Rxg5
{[%clk 0:34:13]} Rxg5 {[%clk 0:10:02]} 29. Rg1 {[%clk 0:33:51]} Rxh5
{[%clk 0:09:28]} 30. Rg2 {[%clk 0:30:20]} Rh4 {[%clk 0:07:55]} 31. Qd1
{[%clk 0:21:33]} Qh7 {[%clk 0:06:45]} 32. f3 {[%clk 0:21:16]} Qh5
{[%clk 0:05:45]} 33. Qa4 {[%clk 0:20:16]} 1-0

[Event "WCO 2016"]
[Site "?"]
[Date "2016.09.11"]
[Round "9"]
[Board "19"]
[WhiteID "14502569"]
[White "Stevic Hrvoje"]
[BlackID "10201955"]
[Black "Mohammad Minhaz Uddin "]
[Result "1-0"]
[BlackElo "2413"]
[WhiteElo "2608"]
[LiveChessVersion "1.4.8"]

1. e4 {[%clk 1:30:56]} e5 {[%clk 1:30:55]} 2. Nf3 {[%clk 1:31:19]} Nf6
{[%clk 1:31:17]} 3. d4 {[%clk 1:31:39]} Nxe4 {[%clk 1:31:43]} 4. Bd3
{[%clk 1:31:58]} Nc6 {[%clk 1:32:04]} 5. Bxe4 {[%clk 1:32:13]} d5
{[%clk 1:32:32]} 6. Bg5 {[%clk 1:32:25]} Qd7 {[%clk 1:30:58]} 7. Bd3
{[%clk 1:32:29]} e4 {[%clk 1:31:23]} 8. O-O {[%clk 1:32:23]} f6 {[%clk 1:29:23]}
9. Bf4 {[%clk 1:32:44]} exd3 {[%clk 1:25:14]} 10. Re1+ {[%clk 1:28:09]} Be7
{[%clk 1:25:24]} 11. Qxd3 {[%clk 1:28:28]} O-O {[%clk 1:24:21]} 12. Nc3
{[%clk 1:28:52]} Bb4 {[%clk 1:13:55]} 13. Re2 {[%clk 1:28:50]} Bxc3
{[%clk 1:14:13]} 14. Qxc3 {[%clk 1:19:48]} Qf7 {[%clk 1:13:57]} 15. h3
{[%clk 1:19:20]} Bf5 {[%clk 1:07:26]} 16. Rae1 {[%clk 1:19:40]} Qd7
{[%clk 0:52:18]} 17. Qb3 {[%clk 0:52:55]} g5 {[%clk 0:43:13]} 18. Bg3
{[%clk 0:39:09]} g4 {[%clk 0:39:54]} 19. hxg4 {[%clk 0:39:36]} Bxg4
{[%clk 0:40:16]} 20. Qe3 {[%clk 0:25:27]} Bxf3 {[%clk 0:29:12]} 21. gxf3
{[%clk 0:25:52]} Rae8 {[%clk 0:24:45]} 22. Qf4 {[%clk 0:21:52]} Rxe2
{[%clk 0:25:08]} 23. Rxe2 {[%clk 0:22:22]} Rf7 {[%clk 0:22:17]} 24. c3
{[%clk 0:20:35]} Ne7 {[%clk 0:16:51]} 25. Qxc7 {[%clk 0:20:12]} Qxc7
{[%clk 0:17:19]} 26. Bxc7 {[%clk 0:20:40]} Nf5 {[%clk 0:17:39]} 27. Bb8
{[%clk 0:17:24]} a6 {[%clk 0:18:07]} 28. Re6 {[%clk 0:17:38]} Kg7
{[%clk 0:16:18]} 29. Kg2 {[%clk 0:11:00]} Re7 {[%clk 0:13:31]} 30. Rb6
{[%clk 0:11:27]} h5 {[%clk 0:12:03]} 31. a4 {[%clk 0:10:01]} Kg6 {[%clk 0:09:44]}
32. Be5 {[%clk 0:10:03]} Rf7 {[%clk 0:10:12]} 33. Bf4 {[%clk 0:08:08]} Re7
{[%clk 0:08:38]} 34. a5 {[%clk 0:08:02]} Nh4+ {[%clk 0:08:06]} 35. Kg3
{[%clk 0:08:09]} Nf5+ {[%clk 0:08:33]} 36. Kh3 {[%clk 0:08:33]} Kf7
{[%clk 0:04:04]} 37. Bg3 {[%clk 0:05:14]} Kg6 {[%clk 0:01:19]} 38. Be5
{[%clk 0:05:06]} Rf7 {[%clk 0:01:46]} 39. Bf4 {[%clk 0:02:49]} Re7
{[%clk 0:01:56]} 40. Be5 {[%clk 0:31:33]} Rf7 {[%clk 0:32:20]} 41. Bg3
{[%clk 0:31:58]} Kg5 {[%clk 0:28:43]} 42. Re6 {[%clk 0:28:51]} h4
{[%clk 0:21:51]} 43. Bd6 {[%clk 0:24:14]} Ng7 {[%clk 0:21:21]} 44. Re1
{[%clk 0:24:29]} Kf5 {[%clk 0:21:27]} 45. Kxh4 {[%clk 0:22:13]} Ne6
{[%clk 0:21:22]} 46. Kh3 {[%clk 0:22:24]} Rg7 {[%clk 0:20:02]} 47. Bg3
{[%clk 0:21:39]} Re7 {[%clk 0:16:02]} 48. Kh2 {[%clk 0:20:04]} Re8
{[%clk 0:16:15]} 49. Kg1 {[%clk 0:20:01]} Ng7 {[%clk 0:13:52]} 50. Re3
{[%clk 0:19:18]} Ne6 {[%clk 0:14:13]} 51. Kg2 {[%clk 0:15:59]} Re7
{[%clk 0:13:49]} 52. Kf1 {[%clk 0:09:16]} Rh7 {[%clk 0:13:03]} 53. Kg1
{[%clk 0:09:39]} Rh8 {[%clk 0:12:13]} 54. Re1 {[%clk 0:10:03]} Re8
{[%clk 0:10:39]} 55. Kf1 {[%clk 0:10:23]} Re7 {[%clk 0:10:43]} 56. Re3
{[%clk 0:04:11]} Rh7 {[%clk 0:10:59]} 57. Ke2 {[%clk 0:04:29]} Rh1
{[%clk 0:10:00]} 58. Kd3 {[%clk 0:04:57]} Ra1 {[%clk 0:10:11]} 59. b4
{[%clk 0:05:21]} Rd1+ {[%clk 0:08:33]} 60. Kc2 {[%clk 0:05:48]} Ra1
{[%clk 0:08:51]} 61. Kb2 {[%clk 0:06:12]} Rd1 {[%clk 0:09:02]} 62. Re2
{[%clk 0:06:08]} Rh1 {[%clk 0:08:28]} 63. Rd2 {[%clk 0:05:19]} Rh8
{[%clk 0:06:37]} 64. c4 {[%clk 0:04:52]} Ng5 {[%clk 0:04:21]} 65. cxd5
{[%clk 0:04:58]} Nxf3 {[%clk 0:04:27]} 66. Rd3 {[%clk 0:05:22]} Ng5
{[%clk 0:04:51]} 67. Rc3 {[%clk 0:03:45]} Rd8 {[%clk 0:02:25]} 68. d6
{[%clk 0:02:41]} Ne4 {[%clk 0:02:47]} 69. Rc7 {[%clk 0:03:07]} Nxd6
{[%clk 0:00:39]} 70. Bxd6 {[%clk 0:03:25]} Rxd6 {[%clk 0:01:07]} 71. Rxb7
{[%clk 0:03:45]} Rxd4 {[%clk 0:01:14]} 72. Rb6 {[%clk 0:03:59]} Rd2+
{[%clk 0:01:04]} 73. Kb3 {[%clk 0:04:12]} Rxf2 {[%clk 0:01:30]} 74. Rxa6
{[%clk 0:04:39]} Ke5 {[%clk 0:01:40]} 75. Rc6 {[%clk 0:04:51]} Rf1
{[%clk 0:01:37]} 76. a6 {[%clk 0:04:32]} Rb1+ {[%clk 0:01:54]} 77. Kc4
{[%clk 0:04:32]} Rc1+ {[%clk 0:01:47]} 78. Kb5 {[%clk 0:04:58]} Ra1
{[%clk 0:02:07]} 79. Kb6 {[%clk 0:05:18]} Ra4 {[%clk 0:02:06]} 80. b5
{[%clk 0:03:16]} 1-0

[Event "WCO 2016"]
[Site "?"]
[Date "2016.09.11"]
[Round "9"]
[Board "20"]
[WhiteID "10200010"]
[White "Murshed Niaz"]
[BlackID "14506688"]
[Black "Brkic Ante"]
[Result "0-1"]
[BlackElo "2584"]
[WhiteElo "2439"]
[LiveChessVersion "1.4.8"]

1. c4 {[%clk 1:30:43]} e5 {[%clk 1:30:30]} 2. g3 {[%clk 1:30:31]} Nf6
{[%clk 1:30:52]} 3. Bg2 {[%clk 1:30:55]} c6 {[%clk 1:31:14]} 4. Nf3
{[%clk 1:29:12]} e4 {[%clk 1:31:26]} 5. Nd4 {[%clk 1:29:36]} d5 {[%clk 1:31:53]}
6. cxd5 {[%clk 1:29:53]} Qxd5 {[%clk 1:32:15]} 7. Nc2 {[%clk 1:24:54]} Qh5
{[%clk 1:32:14]} 8. h3 {[%clk 1:24:31]} Bc5 {[%clk 1:28:24]} 9. Nc3
{[%clk 1:17:39]} Qg6 10. b3 {[%clk 0:59:58]} O-O {[%clk 1:26:37]} 11. Ba3
{[%clk 0:58:55]} Nbd7 {[%clk 1:10:27]} 12. Bxc5 {[%clk 0:57:35]} Nxc5
{[%clk 1:10:56]} 13. Ne3 {[%clk 0:57:53]} Re8 {[%clk 1:03:17]} 14. Qc2
{[%clk 0:54:08]} Bd7 {[%clk 1:03:42]} 15. O-O {[%clk 0:45:04]} Rad8
{[%clk 0:54:55]} 16. b4 {[%clk 0:35:09]} Na6 {[%clk 0:53:42]} 17. a3
{[%clk 0:35:20]} Nc7 {[%clk 0:53:42]} 18. Rad1 {[%clk 0:29:52]} Ncd5
{[%clk 0:47:26]} 19. Ncxd5 {[%clk 0:26:09]} cxd5 {[%clk 0:46:32]} 20. d4
{[%clk 0:26:08]} Be6 {[%clk 0:39:37]} 21. Qd2 {[%clk 0:11:56]} Nh5
{[%clk 0:38:23]} 22. Nc2 {[%clk 0:11:03]} f5 {[%clk 0:36:27]} 23. e3
{[%clk 0:11:30]} Qh6 {[%clk 0:34:26]} 24. h4 {[%clk 0:11:00]} g5 {[%clk 0:31:27]}
25. hxg5 {[%clk 0:11:11]} Qxg5 {[%clk 0:31:56]} 26. Bh3 {[%clk 0:09:13]} Kh8
{[%clk 0:31:54]} 27. Ne1 {[%clk 0:06:14]} Rg8 {[%clk 0:31:34]} 28. Ng2
{[%clk 0:05:33]} Qh6 {[%clk 0:28:57]} 29. Kh2 {[%clk 0:04:48]} f4
{[%clk 0:28:01]} 30. Bxe6 {[%clk 0:05:10]} Nxg3+ {[%clk 0:26:31]} 31. Bh3
{[%clk 0:05:31]} Nxf1+ {[%clk 0:26:40]} 32. Rxf1 {[%clk 0:05:41]} Rxg2+
{[%clk 0:26:56]} 0-1

[Event "WCO 2016"]
[Site "?"]
[Date "2016.09.11"]
[Round "9"]
[Board "21"]
[WhiteID "3901211"]
[White "Iturrizaga Bonelli Eduardo"]
[BlackID "14300192"]
[Black "Solomon Kenny"]
[Result "1/2-1/2"]
[BlackElo "2371"]
[WhiteElo "2650"]
[LiveChessVersion "1.4.8"]

1. Nf3 {[%clk 1:30:56]} Nf6 {[%clk 1:30:51]} 2. c4 {[%clk 1:31:22]} b6
{[%clk 1:31:18]} 3. g3 {[%clk 1:31:29]} c5 {[%clk 1:31:44]} 4. Bg2
{[%clk 1:31:52]} Bb7 {[%clk 1:32:11]} 5. O-O {[%clk 1:32:13]} g6 {[%clk 1:32:37]}
6. Nc3 {[%clk 1:32:32]} Bg7 {[%clk 1:33:01]} 7. d4 {[%clk 1:32:54]} cxd4
{[%clk 1:33:27]} 8. Qxd4 {[%clk 1:33:17]} d6 {[%clk 1:33:53]} 9. Be3
{[%clk 1:31:44]} Nbd7 {[%clk 1:34:16]} 10. Rac1 {[%clk 1:32:09]} Rc8
{[%clk 1:34:19]} 11. Rfd1 {[%clk 1:32:17]} a6 {[%clk 1:34:39]} 12. b3
{[%clk 1:32:14]} O-O {[%clk 1:35:01]} 13. Qh4 {[%clk 1:32:16]} Rc7
{[%clk 1:35:25]} 14. g4 {[%clk 1:27:02]} Rc8 {[%clk 1:33:29]} 15. g5
{[%clk 1:10:05]} Ne8 {[%clk 1:29:38]} 16. Ne4 {[%clk 0:59:58]} Nc5
{[%clk 1:13:42]} 17. Ng3 {[%clk 0:51:00]} Qc7 {[%clk 1:09:28]} 18. Bh3
{[%clk 0:36:41]} e6 {[%clk 1:04:12]} 19. b4 {[%clk 0:29:42]} Na4 {[%clk 0:57:57]}
20. Bd4 {[%clk 0:30:07]} b5 {[%clk 0:37:58]} 21. Nd2 {[%clk 0:15:19]} d5
{[%clk 0:23:21]} 22. c5 {[%clk 0:13:50]} Nb2 {[%clk 0:21:38]} 23. Bxb2
{[%clk 0:07:56]} Bxb2 {[%clk 0:22:05]} 24. Rc2 {[%clk 0:08:22]} Bg7
{[%clk 0:20:51]} 25. Rdc1 {[%clk 0:06:11]} Qe7 {[%clk 0:19:07]} 26. Qg4
{[%clk 0:04:48]} h6 {[%clk 0:10:09]} 27. gxh6 {[%clk 0:05:13]} Bxh6
{[%clk 0:10:37]} 28. e3 {[%clk 0:05:37]} Qg5 {[%clk 0:06:11]} 29. Qxg5
{[%clk 0:05:44]} Bxg5 {[%clk 0:06:40]} 30. Nb3 {[%clk 0:06:04]} f5
{[%clk 0:04:55]} 31. f4 {[%clk 0:03:06]} Bf6 {[%clk 0:05:16]} 32. Bf1
{[%clk 0:01:44]} Nc7 {[%clk 0:04:30]} 33. Ne2 {[%clk 0:01:28]} g5
{[%clk 0:03:53]} 34. Ned4 {[%clk 0:01:54]} Kf7 {[%clk 0:04:08]} 35. h3
{[%clk 0:00:34]} Rh8 {[%clk 0:03:35]} 36. Nf3 {[%clk 0:00:53]} gxf4
{[%clk 0:03:13]} 37. exf4 {[%clk 0:01:22]} Rcg8+ {[%clk 0:03:14]} 38. Kf2
{[%clk 0:01:50]} d4 {[%clk 0:02:24]} 39. c6 {[%clk 0:01:33]} Bc8 {[%clk 0:02:53]}
40. Nbxd4 {[%clk 0:30:40]} Nd5 {[%clk 0:33:09]} 41. a4 {[%clk 0:15:27]} bxa4
{[%clk 0:17:53]} 42. b5 {[%clk 0:15:18]} axb5 {[%clk 0:17:11]} 43. Nxb5
{[%clk 0:15:41]} Nxf4 {[%clk 0:14:21]} 44. Rc4 {[%clk 0:15:57]} Nxh3+
{[%clk 0:09:07]} 45. Bxh3 {[%clk 0:16:19]} Rxh3 {[%clk 0:09:33]} 46. Rxa4
{[%clk 0:16:40]} Be7 {[%clk 0:04:29]} 47. Ra8 {[%clk 0:15:50]} Kf6
{[%clk 0:03:52]} 48. Na7 {[%clk 0:15:46]} Rhh8 {[%clk 0:03:28]} 49. Nxc8
{[%clk 0:09:03]} Rxc8 {[%clk 0:03:47]} 50. Rxc8 {[%clk 0:09:31]} Rxc8
{[%clk 0:04:11]} 51. Nd4 {[%clk 0:09:59]} Bd6 {[%clk 0:00:36]} 52. Nb5
{[%clk 0:10:05]} Ke7 {[%clk 0:00:52]} 53. Na7 {[%clk 0:10:03]} Rc7
{[%clk 0:01:13]} 54. Nb5 {[%clk 0:10:27]} 1/2-1/2

[Event "WCO 2016"]
[Site "?"]
[Date "2016.09.11"]
[Round "9"]
[Board "22"]
[WhiteID "14300249"]
[White "Cawdery Daniel"]
[BlackID "3902463"]
[Black "Gascon Del Nogal Jose Rafael"]
[Result "0-1"]
[BlackElo "2436"]
[WhiteElo "2416"]
[LiveChessVersion "1.4.8"]

1. e4 {[%clk 1:30:59]} c5 {[%clk 1:30:56]} 2. Nf3 {[%clk 1:31:16]} d6
{[%clk 1:31:20]} 3. d4 {[%clk 1:31:35]} Nf6 {[%clk 1:31:44]} 4. Nc3
{[%clk 1:32:00]} cxd4 {[%clk 1:32:09]} 5. Nxd4 {[%clk 1:32:26]} a6
{[%clk 1:32:31]} 6. Bg5 {[%clk 1:32:45]} Nbd7 {[%clk 1:32:55]} 7. Bc4
{[%clk 1:32:41]} Qa5 {[%clk 1:33:17]} 8. Qd2 {[%clk 1:32:49]} e6 {[%clk 1:33:40]}
9. O-O-O {[%clk 1:31:41]} b5 {[%clk 1:34:00]} 10. Bb3 {[%clk 1:14:59]} Bb7
{[%clk 1:34:23]} 11. f3 {[%clk 1:12:07]} b4 {[%clk 1:33:10]} 12. Nce2
{[%clk 1:11:38]} Be7 {[%clk 1:33:26]} 13. Kb1 {[%clk 1:09:46]} Nxe4
{[%clk 1:32:55]} 14. fxe4 {[%clk 1:09:36]} Bxg5 {[%clk 1:33:18]} 15. Qe1
{[%clk 1:09:37]} Nc5 {[%clk 1:21:18]} 16. a3 {[%clk 1:07:17]} Qb6
{[%clk 1:21:42]} 17. axb4 {[%clk 1:07:03]} Nxb3 {[%clk 1:19:07]} 18. Nxb3
{[%clk 1:07:30]} Bxe4 {[%clk 1:17:20]} 19. Ng3 {[%clk 0:47:17]} Bb7
{[%clk 1:11:59]} 20. Nf5 {[%clk 0:47:06]} O-O {[%clk 1:10:54]} 21. Nxg7
{[%clk 0:46:39]} Kxg7 {[%clk 1:09:09]} 22. Qg3 {[%clk 0:38:35]} Qe3
{[%clk 1:09:29]} 23. Rd3 {[%clk 0:39:05]} Qxg3 {[%clk 1:09:52]} 24. Rxg3
{[%clk 0:39:34]} Kh6 {[%clk 1:10:15]} 25. Rh3+ {[%clk 0:40:03]} Kg6
{[%clk 1:10:25]} 26. Rg3 {[%clk 0:40:32]} Kf5 {[%clk 0:54:47]} 27. Rf1+
{[%clk 0:26:12]} Bf4 {[%clk 0:53:24]} 28. Rg7 {[%clk 0:26:32]} e5
{[%clk 0:53:35]} 29. g3 {[%clk 0:25:44]} Kf6 {[%clk 0:53:57]} 30. Rg4
{[%clk 0:25:13]} h5 {[%clk 0:54:22]} 31. Rh4 {[%clk 0:24:47]} Kg5
{[%clk 0:54:47]} 0-1

[Event "WCO 2016"]
[Site "?"]
[Date "2016.09.11"]
[Round "9"]
[Board "23"]
[WhiteID "4401859"]
[White "Palencia Morales Wilson Guillermo"]
[BlackID "14300141"]
[Black "Kobese Watu"]
[Result "1/2-1/2"]
[BlackElo "2350"]
[WhiteElo "2378"]
[LiveChessVersion "1.4.8"]

1. d4 {[%clk 1:30:43]} d5 {[%clk 1:30:53]} 2. Nf3 {[%clk 1:30:53]} c5
{[%clk 1:30:58]} 3. e3 {[%clk 1:27:50]} Nc6 {[%clk 1:30:01]} 4. b3
{[%clk 1:24:17]} Bg4 {[%clk 1:29:12]} 5. Be2 {[%clk 1:22:27]} e6 {[%clk 1:28:29]}
6. O-O {[%clk 1:21:47]} Nf6 {[%clk 1:26:57]} 7. Ne5 {[%clk 1:19:09]} Bxe2
{[%clk 1:26:21]} 8. Qxe2 {[%clk 1:19:26]} Bd6 {[%clk 1:25:05]} 9. Bb2
{[%clk 1:18:56]} Qb6 {[%clk 1:14:03]} 10. Nd2 {[%clk 1:12:52]} cxd4
{[%clk 1:10:43]} 11. exd4 {[%clk 1:13:05]} O-O {[%clk 1:10:40]} 12. Ndf3
{[%clk 1:11:44]} Rad8 {[%clk 1:05:32]} 13. Rfe1 {[%clk 1:00:52]} Ne4
{[%clk 1:00:52]} 14. Nxc6 {[%clk 0:54:53]} bxc6 {[%clk 0:55:34]} 15. c4
{[%clk 0:54:35]} Qa6 {[%clk 0:54:19]} 16. cxd5 {[%clk 0:49:22]} Qxe2
{[%clk 0:53:16]} 17. Rxe2 {[%clk 0:48:11]} cxd5 {[%clk 0:53:36]} 18. Rc2
{[%clk 0:48:05]} Rc8 {[%clk 0:53:04]} 19. Rac1 {[%clk 0:48:17]} Rxc2
{[%clk 0:51:34]} 20. Rxc2 {[%clk 0:48:45]} Rd8 {[%clk 0:40:59]} 21. Ne1
{[%clk 0:44:50]} Kf8 {[%clk 0:40:58]} 22. Rc6 {[%clk 0:41:33]} Ke7
{[%clk 0:37:18]} 23. f3 {[%clk 0:38:52]} Nf6 {[%clk 0:35:32]} 24. Nd3
{[%clk 0:38:32]} Nd7 {[%clk 0:28:38]} 25. Ra6 {[%clk 0:35:23]} Ra8
{[%clk 0:28:13]} 26. Bc3 {[%clk 0:27:17]} Nb8 {[%clk 0:26:23]} 27. Ra4
{[%clk 0:27:35]} Nc6 {[%clk 0:26:26]} 28. Nb4 {[%clk 0:09:30]} Nb8
{[%clk 0:16:46]} 29. Kf2 {[%clk 0:05:32]} Kd7 {[%clk 0:14:34]} 30. g3
{[%clk 0:04:34]} Kc8 {[%clk 0:14:05]} 31. Ke3 {[%clk 0:04:08]} Kb7
{[%clk 0:14:20]} 32. Nd3 {[%clk 0:04:22]} Nc6 {[%clk 0:14:10]} 33. Ne5
{[%clk 0:03:30]} Bxe5 {[%clk 0:07:32]} 34. dxe5 {[%clk 0:03:53]} Rd8
{[%clk 0:07:29]} 35. Rh4 {[%clk 0:01:50]} h6 {[%clk 0:04:29]} 36. Rg4
{[%clk 0:01:51]} h5 {[%clk 0:04:40]} 37. Rh4 {[%clk 0:02:07]} Rd7
{[%clk 0:03:31]} 38. Bb2 {[%clk 0:00:55]} g6 {[%clk 0:03:34]} 39. Ra4
{[%clk 0:01:14]} Kb6 {[%clk 0:03:23]} 40. g4 {[%clk 0:31:10]} hxg4
{[%clk 0:32:25]} 41. Rxg4 {[%clk 0:25:45]} Ne7 {[%clk 0:26:18]} 42. Kd3
{[%clk 0:25:36]} Rd8 {[%clk 0:25:19]} 43. Bd4+ {[%clk 0:23:19]} Kb7
{[%clk 0:25:17]} 44. Rh4 {[%clk 0:23:20]} Nc6 {[%clk 0:24:54]} 45. a3
{[%clk 0:21:01]} Rc8 {[%clk 0:23:42]} 46. Rh7 {[%clk 0:21:24]} Rc7
{[%clk 0:23:58]} 47. f4 {[%clk 0:21:26]} a5 {[%clk 0:19:40]} 48. h4
{[%clk 0:19:50]} f5 {[%clk 0:13:35]} 49. Rh6 {[%clk 0:15:18]} a4 {[%clk 0:13:21]}
50. bxa4 {[%clk 0:15:03]} Nxd4 {[%clk 0:13:44]} 51. Kxd4 {[%clk 0:15:29]} Rc4+
{[%clk 0:14:01]} 52. Ke3 {[%clk 0:15:53]} Rxa4 {[%clk 0:14:25]} 53. Rxg6
{[%clk 0:14:39]} Rxa3+ {[%clk 0:14:42]} 54. Kd4 {[%clk 0:11:30]} Rf3
{[%clk 0:12:23]} 55. Rxe6 {[%clk 0:11:34]} Rxf4+ {[%clk 0:12:45]} 56. Kxd5
{[%clk 0:11:57]} Rxh4 {[%clk 0:13:11]} 57. Rf6 {[%clk 0:11:47]} Kc7
{[%clk 0:10:43]} 58. Ke6 {[%clk 0:05:55]} f4 {[%clk 0:10:49]} 59. Rf8
{[%clk 0:04:11]} Rh6+ {[%clk 0:10:34]} 60. Ke7 {[%clk 0:04:33]} Rh7+
{[%clk 0:10:20]} 61. Ke6 {[%clk 0:02:40]} Rh6+ {[%clk 0:10:19]} 62. Rf6
{[%clk 0:02:32]} Rh4 {[%clk 0:10:32]} 63. Kf7 {[%clk 0:02:14]} Rh7+
{[%clk 0:06:04]} 64. Kg6 {[%clk 0:02:17]} Re7 {[%clk 0:05:03]} 65. Kf5
{[%clk 0:02:34]} Kd7 {[%clk 0:05:20]} 66. Kxf4 {[%clk 0:02:51]} Rh7
{[%clk 0:04:51]} 67. Ra6 {[%clk 0:02:10]} Rh1 {[%clk 0:04:58]} 68. Kf5
{[%clk 0:02:18]} Rf1+ {[%clk 0:05:16]} 69. Kg6 {[%clk 0:02:43]} Ke7
{[%clk 0:05:37]} 70. Rf6 {[%clk 0:01:59]} 1/2-1/2

[Event "WCO 2016"]
[Site "?"]
[Date "2016.09.11"]
[Round "9"]
[Board "24"]
[WhiteID "14300494"]
[White "Van den Heever Donovan"]
[BlackID "3900410"]
[Black "Pulvett Marin Daniel"]
[Result "0-1"]
[BlackElo "2434"]
[WhiteElo "2247"]
[LiveChessVersion "1.4.8"]

1. e4 {[%clk 1:30:55]} c5 {[%clk 1:30:52]} 2. Nf3 {[%clk 1:31:15]} e6
{[%clk 1:31:14]} 3. d3 {[%clk 1:31:29]} b6 {[%clk 1:31:08]} 4. g3
{[%clk 1:28:49]} d5 {[%clk 1:31:29]} 5. Nbd2 {[%clk 1:25:25]} Bb7
{[%clk 1:31:42]} 6. Bg2 {[%clk 1:24:40]} Nf6 {[%clk 1:31:42]} 7. O-O
{[%clk 1:22:25]} Be7 {[%clk 1:31:59]} 8. Re1 {[%clk 1:19:58]} Nc6
{[%clk 1:32:02]} 9. a3 {[%clk 1:13:01]} Qc7 {[%clk 1:31:26]} 10. Qe2
{[%clk 1:07:28]} h6 {[%clk 1:28:13]} 11. exd5 {[%clk 0:55:50]} Nxd5
{[%clk 1:28:30]} 12. Nc4 {[%clk 0:55:15]} O-O {[%clk 1:26:57]} 13. Nce5
{[%clk 0:50:09]} Nd4 {[%clk 1:20:23]} 14. Nxd4 {[%clk 0:36:07]} cxd4
{[%clk 1:20:45]} 15. Bxh6 {[%clk 0:26:33]} gxh6 {[%clk 1:21:12]} 16. Qg4+
{[%clk 0:26:21]} Bg5 {[%clk 1:21:09]} 17. h4 {[%clk 0:19:36]} f5 {[%clk 1:21:12]}
18. Qh5 {[%clk 0:16:25]} Bf6 {[%clk 1:20:47]} 19. Ng6 {[%clk 0:14:54]} Rfe8
{[%clk 1:19:30]} 20. g4 {[%clk 0:13:37]} Bg7 {[%clk 1:08:24]} 21. g5
{[%clk 0:08:41]} hxg5 {[%clk 1:07:25]} 22. hxg5 {[%clk 0:09:07]} Qf7
{[%clk 1:07:17]} 23. f4 {[%clk 0:00:38]} e5 {[%clk 1:05:17]} 24. fxe5
{[%clk 0:00:35]} Re6 {[%clk 1:05:03]} 25. Nf4 {[%clk 0:00:32]} Nxf4
{[%clk 1:05:22]} 26. Qxf7+ {[%clk 0:00:50]} Kxf7 {[%clk 1:05:43]} 27. Bxb7
{[%clk 0:01:17]} Rb8 {[%clk 1:06:00]} 28. Bf3 {[%clk 0:00:39]} Rxe5
{[%clk 1:05:48]} 29. Rxe5 {[%clk 0:00:32]} Bxe5 {[%clk 1:06:08]} 30. Re1
{[%clk 0:00:33]} Ke6 {[%clk 1:06:29]} 31. Kf2 {[%clk 0:00:33]} Nh3+
{[%clk 1:06:26]} 32. Kg2 {[%clk 0:00:42]} Nxg5 {[%clk 1:06:42]} 33. Bc6
{[%clk 0:00:48]} Rh8 {[%clk 1:06:55]} 34. c3 {[%clk 0:00:41]} Rh2+
{[%clk 1:07:11]} 35. Kf1 {[%clk 0:00:44]} Kd6 {[%clk 1:07:25]} 36. Bg2
{[%clk 0:00:31]} f4 {[%clk 1:07:10]} 37. cxd4 {[%clk 0:00:52]} Bxd4
{[%clk 1:07:25]} 0-1